000 00678nam a2200229Ia 4500
001 3333
003 GE_BSU
008 181216s||||||||xx |||||||||||||| ||und||
020 _a5060015556
040 _cGE_BSU
080 _a621.95
100 _aНиколаев,Г.А. Винокуров,В.А.
245 _aСварные конструкции. Расчет и проектирование.
245 _bУчебник для вузов.
245 _cРед. Г.А.Николаев.
260 _aМ.
260 _bВысш. шк.
260 _c1990.
300 _a446 стр. 23 см. с илл.
653 _aСварные конструкции.
942 _cBK
999 _c37374
_d37374